000 00776nam a22002537a 4500
999 _c380896
_d380896
001 94653
003 UA-OsUOA
005 20191002164544.0
007 ta
008 20130215b un ||||| |||| 00| 0 ukr d
040 _aUA-OsUOA
_bukr
_cUA-OsUOA
_dUA-OsUOA
041 _aukr
080 _a821.511.141
090 _a821.511.141
_bД55
100 _aДобозі І.
245 _aБез влади
_bроман
_cІмре Добозі ; перекл. з угор. І. Мегела
260 _aК.
_bДніпро
_c1982
300 _a222 с.
440 _aСерія "Дружба"
650 7 _a82 Література. Літературознавство
_2UDC
942 _cBK
_2udc
955 _a3